Por qué ganan las izquierdas
Uloženo v:
| Médium: | Text |
|---|---|
| Témata: | |
| Tagy: |
Přidat tag
Žádné tagy, Buďte první, kdo vytvoří štítek k tomuto záznamu!
|
MARC
| LEADER | 00000 a a2200000 04500 | ||
|---|---|---|---|
| 001 | 6800 | ||
| 003 | |||
| 040 | |||
| 245 | |a Por qué ganan las izquierdas | ||
| 650 | |a ELECCIONES | ||
| 650 | |a DEMOCRACIA | ||
| 650 | |a IDEOLOGIAS POLITICAS | ||
| 650 | |a MERCADO | ||
| 650 | |a POLITICA | ||
| 650 | |a AMERICA LATINA | ||
| 650 | |a EL SALVADOR | ||
| 773 | |g volumen 27, número 1219; páginas 2-3 | ||
| 999 | |c 34994 |d 34994 | ||
